• 首页
  • 本馆介绍
  • 公告通知
  • 最新文献
  • 馆藏检索
  • 电子资源
  • 读者导购
  • 参考咨询
  • 我的图书馆
  • 登录
  • 详细信息显示
  • 放入我的书架
  • 预约/预借图书
  • 作者相关作品
  • 分类相关作品
  • 丛书相关作品
  • 出版社相关作品

书目信息

  • 表格格式
  • 工作单格式
  • 卡片格式
题名:
乘飞毯的狮子
    
 
作者: 克鲁塞 著 ;雷姆克 , 刘海颖 绘
分册:  
出版信息: 广州   广州出版社  2010
页数: 163页
开本: 21cm
丛书名: 狮子历险记
单 册:
中图分类: I516.84
科图分类:
主题词: 儿童文学--长篇小说--德国--现代
电子资源:
ISBN: 978-7-5462-0317-1
000 00900oam2 2200277 450
001 005237709
005 20120324113002.0
010    @a978-7-5462-0317-1@dCNY12.00
100    @a20110516d2010 em y0chiy0120 ea
101 1  @achi@cger
102    @aCN@b440000
105    @ay z 000yy
106    @ar
200 1  @a乘飞毯的狮子@9Cheng;Sheng Fei Tan De;Di Shi Zi @f(德)马克思·克鲁塞著@g(德)霍尔斯特·雷姆克绘@g刘海颖译
210    @a广州@c广州出版社@d2010
215    @a163页@c图@d21cm
225 2  @a狮子历险记
305    @a中文简体字版权经德国Thienemann Verlag出版社授权
461  0 @12001 @a狮子历险记
606 0  @a儿童文学@x长篇小说@y德国@z现代
690    @aI516.84@v4
701  0 @c(德)@a克鲁塞@9ke lu sai@c(Kruse, Max)@4著
702  1 @c(德)@a雷姆克@9lei mu ke@b霍尔斯特@4绘
702  0 @a刘海颖@9liu hai ying@4译
801  0 @aCN@b91MARC@c20130904
905    @aBZT@dI516.84@e4@f1@sI516.84/4
    
    乘飞毯的狮子/(德)马克思·克鲁塞著/(德)霍尔斯特·雷姆克绘/刘海颖译.-广州:广州出版社,2010
    163页:图;21cm.-(狮子历险记)
    
    
    ISBN 978-7-5462-0317-1:CNY12.00
    
●
相关链接 在五车中查询图书 在当当中查询图书 在豆瓣中查询图书


正题名:乘飞毯的狮子     索取号:I516.84/4         预约/预借

序号 登录号 条形码 馆藏地/架位号 状态 备注
1 2000031693   2000031693   旧书回溯/ [索取号:I516.84/4] 在馆    
山东省滨州职业学院图书馆 欢迎您!
大连网信软件有限公司© 版权所有